000 00426nam a2200133 4500
005 20260226103323.0
008 260226b |||||||| |||| 00| 0 eng d
020 _a070608423
100 _aStansfield D. William.
245 _aSchaum's Outline of Theory and Problems of Genetic
_c/William D. Stansfield
260 _aUnited States of America;
_bMcGraw-Hill Book Company;
_c1969
300 _a 281p.ill;
_c27.5cm
942 _2lcc
_n0
_cBK
999 _c173
_d173